Probability, statistics, and reliability for engineers and scientists / (Record no. 16117)

MARC details
000 -LEADER
fixed length control field 01362cam a2200349 i 4500
001 - CONTROL NUMBER
control field 16820873
003 - CONTROL NUMBER IDENTIFIER
control field EG-ScBUE
005 - DATE AND TIME OF LATEST TRANSACTION
control field 20241128104637.0
008 - FIXED-LENGTH DATA ELEMENTS--GENERAL INFORMATION
fixed length control field 110610t2011 flua f b 001 0 eng d
020 ## - INTERNATIONAL STANDARD BOOK NUMBER
International Standard Book Number 1439809518 (hardcover : alk. paper)
020 ## - INTERNATIONAL STANDARD BOOK NUMBER
International Standard Book Number 9781439809518 (hardcover : alk. paper)
035 ## - SYSTEM CONTROL NUMBER
System control number (OCoLC)ocn298781281
040 ## - CATALOGING SOURCE
Original cataloging agency DLC
Language of cataloging eng
Description conventions rda
Transcribing agency DLC
Modifying agency YDX
-- BTCTA
-- YDXCP
-- BWX
-- UKMGB
-- CDX
-- DLC
082 04 - DEWEY DECIMAL CLASSIFICATION NUMBER
Classification number 519.502462
Edition number 22
Item number AYY
100 1# - MAIN ENTRY--PERSONAL NAME
Personal name Ayyub, Bilal M.,
Relator term author.
9 (RLIN) 27441
245 10 - TITLE STATEMENT
Title Probability, statistics, and reliability for engineers and scientists /
Statement of responsibility, etc Bilal M. Ayyub, Richard H. McCuen, University of Maryland, College Park, USA.
250 ## - EDITION STATEMENT
Edition statement Third edition.
264 #1 - PUBLICATION, DISTRIBUTION, ETC. (IMPRINT)
Place of publication, distribution, etc Boca Raton, FL :
Name of publisher, distributor, etc CRC Press,
Date of publication, distribution, etc [2011]
264 #4 - PUBLICATION, DISTRIBUTION, ETC. (IMPRINT)
Date of publication, distribution, etc c2011
300 ## - PHYSICAL DESCRIPTION
Extent xxiii, 639 pages :
Other physical details illustrations ;
Dimensions 26 cm
336 ## - CONTENT TYPE
Source rdacontent
Content type term text
Content type code txt
337 ## - MEDIA TYPE
Media type term unmediated
Source rdamedia
Media type code n
338 ## - CARRIER TYPE
Carrier type term volume
Carrier type code nc
Source rdacarrier
504 ## - BIBLIOGRAPHY, ETC. NOTE
Bibliography, etc Includes bibliographical references and index.
650 #7 - SUBJECT ADDED ENTRY--TOPICAL TERM
Topical term or geographic name as entry element Engineering mathematics.
Source of heading or term BUEsh
9 (RLIN) 27442
650 #7 - SUBJECT ADDED ENTRY--TOPICAL TERM
Topical term or geographic name as entry element Reliability (Engineering)
Source of heading or term BUEsh
9 (RLIN) 27443
653 ## - INDEX TERM--UNCONTROLLED
Arrived date list October2011
-- October2012
655 ## - INDEX TERM--GENRE/FORM
Form subdivision Reading book
700 1# - ADDED ENTRY--PERSONAL NAME
Personal name McCuen, Richard H.,
Dates associated with a name 1941-
Relator term author.
9 (RLIN) 27444
942 ## - ADDED ENTRY ELEMENTS (KOHA)
Source of classification or shelving scheme Dewey Decimal Classification
Koha item type Book - Borrowing
Holdings
Withdrawn status Lost status Source of classification or shelving scheme Damaged status Not for loan Collection code Home library Current library Shelving location Date acquired Source of acquisition Total Checkouts Full call number Barcode Date last seen Date checked out Price effective from Koha item type Cost, normal purchase price Serial Enumeration / chronology
    Dewey Decimal Classification     Baccah Central Library Central Library First floor 10/10/2011 Purchase 1 519.502462 AYY 000025242 15/07/2025 21/11/2012 10/10/2011 Book - Borrowing    
    Dewey Decimal Classification     Baccah Central Library Central Library First floor 10/10/2011 Purchase 1 519.502462 AYY 000025241 15/07/2025 06/03/2019 10/10/2011 Book - Borrowing    
    Dewey Decimal Classification     Baccah Central Library Central Library First floor 04/10/2012 Purchase   519.502462 AYY 000027616 15/07/2025   04/10/2012 Book - Borrowing 520.00 3